Možnosti lepšieho zhodnotenia mliečneho tuku

Bibliographic Details
Main Authors: Krkošková, B. (Author), Cupáková, Mária, 1948- (Author)
Format: Article
Language:Slovak

MARC

LEADER 00000nab a2200000uu 4500
001 vtls010905844
005 20260311105508.0
008 230121|1978 xo |||||||||||||||||slo|
015 |a SNBRB 
035 |a (urnnbn)urn:nbn:sk:snk:ar-a07v2y 
035 |a (uuid)bfe46be9-3ba8-4703-a59d-3671fac261f9 
035 |a urn:nbn:sk:snk-ab8wbt 
040 |a SNKBUCL  |b slo  |c SNKBUCL  |e AACR2 
041 0 |a slo 
044 |a xo  |c SK 
100 1 |a Krkošková, B.  |4 aut  |9 782170 
245 1 0 |a Možnosti lepšieho zhodnotenia mliečneho tuku  |c B. Krkošková, M. Cupáková 
700 |a Cupáková, Mária,  |d 1948-  |4 aut  |9 1634631 
773 0 |t Bulletin Slovenskej poľnohospodárskej akadémie Výskumného ústavu potravinárskeho  |g Roč. 17, č. 3 (1978), s. 22-28 
954 |a odborná, vedecká literatúra pôvodná (slovenská)  |2 lita 
958 |a OND 
958 |a EUIPO 
958 |a article10 
999 |c 1870639  |d 1872569